|
|
|
|
| LEADER |
00976nam a2200229 a 4500 |
| 001 |
653913 |
| 008 |
091121s1995 nju r 001 0 eng d |
| 010 |
|
|
|a 94033198
|
| 020 |
|
|
|a 1560793732
|
| 040 |
|
|
|a DLC
|c DLC
|d DLC
|
| 082 |
0 |
0 |
|a 338.7/4/02573
|2 20
|
| 100 |
1 |
|
|a Silver, A. David
|q (Aaron David),
|d 1941-
|
| 245 |
1 |
0 |
|a Quantum companies :
|b 100 companies that will change the face of tomorrow's business /
|c A. David Silver.
|
| 260 |
|
|
|a Princeton, N.J. :
|b Peterson's/Pacesetter Books,
|c c1995.
|
| 300 |
|
|
|a 342 p. ;
|c 27 cm.
|
| 500 |
|
|
|a Includes index.
|
| 541 |
1 |
|
|e 00011057
|
| 650 |
0 |
0 |
|a Corporations
|z United States
|x Finance
|x Directories.
|
| 650 |
0 |
0 |
|a Market share
|z United States.
|
| 852 |
4 |
|
|a Ayesha Abed Library
|j General Shelf
|
| 999 |
|
|
|c 5760
|d 5760
|
| 952 |
|
|
|0 0
|1 0
|2 ddc
|4 0
|6 338_740257300000000_SIL_1995
|7 0
|9 5699
|a BRACUL
|b BRACUL
|c GEN
|d 2009-11-22
|g 0.00
|l 2
|m 17
|o 338.7402573 SIL
|p 3010011057
|r 2024-02-19
|s 2023-06-26
|t 1
|w 2009-11-22
|y BK
|x No price found in the accession register.
|